OPAC Home

Catalogue of Coins in the Indian Museum,Calcutta (Record no. 99207)

MARC details
000 -LEADER
fixed length control field 00470nam a2200169Ia 4500
003 - CONTROL NUMBER IDENTIFIER
control field LK-CoDNM
008 - FIXED-LENGTH DATA ELEMENTS--GENERAL INFORMATION
fixed length control field 010623t1939 xxu||||| |||| 00| 1 eng d
040 ## - CATALOGING SOURCE
Original cataloging agency LK-CoDNM
Modifying agency LK-CoDNM
Description conventions LK-CoDNM
041 ## - LANGUAGE CODE
Language code of text/sound track or separate title English
080 ## - UNIVERSAL DECIMAL CLASSIFICATION NUMBER
Universal Decimal Classification number 9 G 7
942 ## - ADDED ENTRY ELEMENTS (KOHA)
Koha item type Books
100 ## - MAIN ENTRY--PERSONAL NAME
Personal name Ahmad,Shamsuddin.
245 ## - TITLE STATEMENT
Title Catalogue of Coins in the Indian Museum,Calcutta
260 ## - PUBLICATION, DISTRIBUTION, ETC. (IMPRINT)
Name of publisher, distributor, etc. Manager of Publication
Place of publication, distribution, etc. Delhi
Date of publication, distribution, etc. 1939
300 ## - PHYSICAL DESCRIPTION
Other physical details iv,152p,5Pl., 24 cm
500 ## - GENERAL NOTE
General note Archaeological Survey of Ceylon
Holdings
Withdrawn status Lost status Damaged status Not for loan Collection code Permanent Location Current Location Date acquired Full call number Koha item type
        Monographs Library National Museum Colombo - Sri Lanka Library National Museum Colombo - Sri Lanka 2023-08-02 9 G 7 Books
Copyright © 2023 Department of National Museum, Colombo 07, Sri Lanka Funded by UNESCO IFAP UNESCO